Langkah bijak usahawan terbilang
| Main Author: | Mohd Fadzilah Kamsah, Dato' Dr |
|---|---|
| Other Authors: | Muhammad Zakaria |
| Published: |
Kuala Lumpur:
Telaga Biru Sdn. Bhd.,
2008.
|
| Subjects: |
| LEADER | 00574cam a2200169 7i4500 | ||
|---|---|---|---|
| 001 | 0000027193 | ||
| 005 | 20120208090000.0 | ||
| 020 | |a 9789833494965 | ||
| 020 | |a 983349496x (hbk.) | ||
| 090 | 0 | 0 | |a HD62.5 |b .M45 2008 |
| 100 | 0 | |a Mohd Fadzilah Kamsah, |c Dato' Dr | |
| 245 | 1 | 0 | |a Langkah bijak usahawan terbilang |c Mohd. Fadzilah Kamsah, Muhammad Zakaria. |
| 260 | |a Kuala Lumpur: |b Telaga Biru Sdn. Bhd., |c 2008. | ||
| 300 | |a xiii, 234 p.: |b col. ill.; |c 23 cm. | ||
| 650 | 0 | 0 | |a Entrepreneurship |
| 700 | 0 | |a Muhammad Zakaria | |
| 999 | |a 0000050434 |b BOK |c OPEN SHELF |e 1st Floor, Bestari Jaya | ||


